Biology and evolution of Ferns and Lycophytes; (Record no. 6109)
[ view plain ]
| 000 -LEADER | |
|---|---|
| fixed length control field | 00550nam a22001937a 4500 |
| 003 - CONTROL NUMBER IDENTIFIER | |
| control field | OSt |
| 005 - DATE AND TIME OF LATEST TRANSACTION | |
| control field | 20180514124455.0 |
| 008 - FIXED-LENGTH DATA ELEMENTS--GENERAL INFORMATION | |
| fixed length control field | 180514b xxu||||| |||| 00| 0 eng d |
| 020 ## - INTERNATIONAL STANDARD BOOK NUMBER | |
| International Standard Book Number | 97880521696890 |
| 040 ## - CATALOGING SOURCE | |
| Transcribing agency | DDC. |
| 082 ## - DEWEY DECIMAL CLASSIFICATION NUMBER | |
| Classification number | 587.3BIO 2008 |
| 100 ## - MAIN ENTRY--PERSONAL NAME | |
| Personal name | Edited by Ranker,A.Tom;Haufler,H.Christopher; |
| 9 (RLIN) | 12650 |
| 245 ## - TITLE STATEMENT | |
| Title | Biology and evolution of Ferns and Lycophytes; |
| 260 ## - PUBLICATION, DISTRIBUTION, ETC. (IMPRINT) | |
| Place of publication, distribution, etc. | USA, |
| Name of publisher, distributor, etc. | Cambridge university Press; |
| Date of publication, distribution, etc. | 2008. |
| 300 ## - PHYSICAL DESCRIPTION | |
| Extent | xix,480p; |
| Other physical details | ill; |
| Dimensions | 25cm. |
| 504 ## - BIBLIOGRAPHY, ETC. NOTE | |
| Bibliography, etc | includes index |
| 650 ## - SUBJECT ADDED ENTRY--TOPICAL TERM | |
| Topical term or geographic name as entry element | Biology. |
| 9 (RLIN) | 5602 |
| 942 ## - ADDED ENTRY ELEMENTS (KOHA) | |
| Source of classification or shelving scheme | Dewey Decimal Classification |
| Koha item type | Short Loan |
| Withdrawn status | Lost status | Source of classification or shelving scheme | Damaged status | Not for loan | Home library | Current library | Date acquired | Source of acquisition | Inventory number | Total Checkouts | Full call number | Barcode | Date last seen | Price effective from | Koha item type |
|---|---|---|---|---|---|---|---|---|---|---|---|---|---|---|---|
| Dewey Decimal Classification | MUST Main Library | MUST Main Library | 14/05/2018 | 12/35605 | 587.3BIO 2008 | 2018-0258 | 14/05/2018 | 14/05/2018 | Open Shelf |
